| 000 | 00704nam a2200253Ia 4500 | ||
|---|---|---|---|
| 003 | OSt | ||
| 005 | 20220928120755.0 | ||
| 006 | a|||||r|||| 00| 0 | ||
| 007 | ta | ||
| 008 | 220927b |||||||| |||| 00| 0 eng d | ||
| 020 | _cUSD 160.00 | ||
| 024 | _a136596 | ||
| 037 |
_b122, 08/11/2017, Classic Book Service _cTextual |
||
| 040 |
_aSDCL _cSDCL _beng |
||
| 041 |
_2eng _aeng |
||
| 082 | _aNW.42, Q4 | ||
| 100 |
_aMiyao Daisuke Ed. _9451051 |
||
| 245 | 0 | _aOxford handbook of Japanese cinema | |
| 260 | _c2014 | ||
| 300 |
_axii,483p. _ccm. |
||
| 650 | _aEnglish | ||
| 942 |
_hNW.42, Q4 _cTEXL _2CC |
||
| 999 |
_c765174 _d765174 |
||